[Event "Portoroz op 14th"]
[Site "Portoroz"]
[Date "2023.07.19"]
[Round "6"]
[White "Morell, Oscar"]
[Black "Hrabinska, Myroslava"]
[Result "1-0"]
[WhiteElo "1848"]
[BlackElo "2210"]
[PlyCount "89"]
[EventDate "2023.07.15"]
[EventType "swiss"]
[EventRounds "9"]
[EventCountry "SLO"]
[SourceTitle "CBM 215 Extra"]
[Source "ChessBase"]
[SourceDate "2023.09.30"]
[SourceVersion "1"]
[SourceVersionDate "2023.09.30"]
[SourceQuality "1"]

1. e4 e5 2. Nf3 Nc6 3. Bc4 Nf6 4. d3 h6 5. c3 d6 6. a4 g5 7. Qb3 Qe7 8. 0-0 Bg7 9. a5 a6 10. Re1 0-0 11. Nbd2 g4 12. Nh4 Nxe4 13. Rxe4 Qxh4 14. h3 Bf5 15. Qxb7 Bxe4 16. dxe4 Ne7 17. g3 Qf6 18. hxg4 c6 19. Bxa6 d5 20. Be2 Qd6 21. Qb3 Bf6 22. Qc2 Bg5 23. b4 Kg7 24. Nf3 Bxc1 25. Rxc1 c5 26. Qd2 Rfd8 27. g5 dxe4 28. gxh6+ Qxh6 29. Qxh6+ Kxh6 30. Nxe5 Rd2 31. Bc4 f6 32. Ng4+ Kg5 33. Ne3 Rb2 34. Nd5 Nc6 35. Nc7 Rc8 36. Ne6+ Kg6 37. Nxc5 f5 38. a6 Ne5 39. Bd5 Rh8 40. Nxe4 fxe4 41. Bxe4+ Kf6 42. Ra1 Nc4 43. a7 Nb6 44. Ra6 Ke5 45. Rxb6 1-0

[Event "Portoroz op 14th"]
[Site "Portoroz"]
[Date "2023.07.17"]
[Round "4"]
[White "Morell, Oscar"]
[Black "Mestek, Igor"]
[Result "1-0"]
[WhiteElo "1848"]
[BlackElo "2117"]
[PlyCount "63"]
[EventDate "2023.07.15"]
[EventType "swiss"]
[EventRounds "9"]
[EventCountry "SLO"]
[SourceTitle "CBM 215 Extra"]
[Source "ChessBase"]
[SourceDate "2023.09.30"]
[SourceVersion "1"]
[SourceVersionDate "2023.09.30"]
[SourceQuality "1"]

1. e4 c5 2. Nf3 a6 3. c4 Nc6 4. Nc3 d6 5. d4 Bg4 6. d5 Ne5 7. h3 Bxf3 8. gxf3 g6 9. f4 Nd7 10. Qa4 Bg7 11. Bd3 Kf8 12. Bd2 Ngf6 13. 0-0-0 Ne8 14. Rde1 b5 15. cxb5 axb5 16. Qxb5 Rb8 17. Qc6 Rb6 18. Qa4 Rb4 19. Qa7 Nc7 20. Nd1 Rd4 21. Re3 c4 22. Bc2 Nb5 23. Qb7 Nc7 24. Ba5 Nc5 25. Qxc7 Qxc7 26. Bxc7 Bh6 27. Kb1 Bxf4 28. Re2 Rd2 29. Rxd2 Bxd2 30. Ne3 Kg7 31. Nxc4 Bf4 32. Bb6 1-0

[Event "Portoroz op 14th"]
[Site "Portoroz"]
[Date "2023.07.16"]
[Round "3"]
[White "Ivic, Matija"]
[Black "Morell, Oscar"]
[Result "1-0"]
[WhiteElo "2148"]
[BlackElo "1848"]
[PlyCount "55"]
[EventDate "2023.07.15"]
[EventType "swiss"]
[EventRounds "9"]
[EventCountry "SLO"]
[SourceTitle "CBM 215 Extra"]
[Source "ChessBase"]
[SourceDate "2023.09.30"]
[SourceVersion "1"]
[SourceVersionDate "2023.09.30"]
[SourceQuality "1"]

1. c4 Nf6 2. Nc3 g6 3. e4 d6 4. d4 Bg7 5. f3 0-0 6. Be3 e5 7. Nge2 Nc6 8. Qd2 Nd7 9. d5 Ncb8 10. g4 a5 11. h4 Na6 12. Ng3 Ndc5 13. h5 Nb4 14. Rd1 Bf6 15. g5 Bg7 16. Qh2 f6 17. a3 Nba6 18. hxg6 hxg6 19. Qh7+ Kf7 20. Nh5 gxh5 21. g6+ Ke8 22. Qxg7 Qe7 23. Qh6 Bd7 24. Rxh5 Rg8 25. Rd2 Qf8 26. Rg2 Ke7 27. Qh7+ Ke8 28. Bh6 1-0

[Event "Uppsala Young Champions 9th"]
[Site "Uppsala"]
[Date "2022.11.02"]
[Round "8"]
[White "Morell, Oscar"]
[Black "Harish, Neeraj"]
[Result "1-0"]
[WhiteElo "1905"]
[BlackElo "1915"]
[PlyCount "101"]
[EventDate "2022.10.28"]
[EventType "swiss"]
[EventRounds "9"]
[EventCountry "SWE"]
[SourceTitle "EXT 2024"]
[Source "ChessBase"]
[SourceDate "2023.10.10"]
[SourceVersion "1"]
[SourceVersionDate "2023.10.10"]
[SourceQuality "1"]

1. e4 c5 2. Nf3 Nc6 3. d4 cxd4 4. Nxd4 Nf6 5. Nc3 e5 6. Ndb5 d6 7. Bg5 a6 8. Na3 b5 9. Nd5 Be7 10. Bxf6 Bxf6 11. c3 Ne7 12. Nxf6+ gxf6 13. Nc2 Bb7 14. Bd3 d5 15. Qe2 dxe4 16. Bxe4 Bxe4 17. Qxe4 Qd5 18. Qxd5 Nxd5 19. g3 0-0 20. 0-0-0 Rfd8 21. Ne3 Nxe3 22. Rxd8+ Rxd8 23. fxe3 Rd3 24. Re1 e4 25. Kc2 Kg7 26. Re2 f5 27. Kb3 Kf6 28. Kb4 Ke5 29. Ka5 Rd6 30. a4 bxa4 31. Kxa4 h5 32. c4 h4 33. c5 Rc6 34. Rc2 hxg3 35. hxg3 Kd5 36. b4 Rc8 37. Ka5 Kc6 38. Rd2 Ra8 39. Rd6+ Kb7 40. Rd7+ Kc6 41. Rd6+ Kb7 42. Rb6+ Kc7 43. Rxa6 Rh8 44. b5 Rh1 45. Ra7+ Kb8 46. Kb6 f4 47. gxf4 f5 48. c6 Rh6 49. Rf7 Rh8 50. Rxf5 Re8 51. Re5 1-0

[Event "Uppsala Young Champions 9th"]
[Site "Uppsala"]
[Date "2022.10.28"]
[Round "1"]
[White "Van Dael, Siem"]
[Black "Morell, Oscar"]
[Result "1-0"]
[WhiteElo "2359"]
[BlackElo "1905"]
[PlyCount "107"]
[EventDate "2022.10.28"]
[EventType "swiss"]
[EventRounds "9"]
[EventCountry "SWE"]
[SourceTitle "EXT 2024"]
[Source "ChessBase"]
[SourceDate "2023.10.10"]
[SourceVersion "1"]
[SourceVersionDate "2023.10.10"]
[SourceQuality "1"]

1. h4 c5 2. c4 e5 3. Nc3 d6 4. d3 Ne7 5. g3 g6 6. h5 Nbc6 7. Bg5 h6 8. hxg6 fxg6 9. Bg2 Bg7 10. Bd2 Be6 11. Qc1 g5 12. Be4 Qd7 13. Nd5 0-0-0 14. a3 Kb8 15. b4 cxb4 16. axb4 Bxd5 17. cxd5 Nd4 18. Qb1 Rc8 19. Ra2 g4 20. e3 Nb5 21. Ne2 h5 22. Qb3 Rcf8 23. Qa4 a6 24. Nc3 Qe8 25. Nxb5 Qxb5 26. Qb3 Bf6 27. Ra5 Qb6 28. b5 h4 29. Qb4 hxg3 30. fxg3 Rxh1+ 31. Bxh1 Bg5 32. d4 exd4 33. bxa6 Qxb4 34. Bxb4 Nf5 35. Be4 Bxe3 36. Rb5 b6 37. Bxf5 Rxf5 38. Rxb6+ Ka7 39. Rxd6 d3 40. Re6 Bf2+ 41. Kd2 Rxd5 42. Bd6 Bb6 43. Bb8+ Kxb8 44. Rxb6+ Ka7 45. Rb3 Kxa6 46. Rxd3 Rxd3+ 47. Kxd3 Kb6 48. Ke4 Kc6 49. Kf5 Kd7 50. Kxg4 Ke6 51. Kg5 Kf7 52. Kh6 Kg8 53. Kg6 Kh8 54. g4 1-0

[Event "Barcelona Sant Marti op-A 22nd"]
[Site "Barcelona"]
[Date "2022.07.16"]
[Round "4"]
[White "Erichsen, Dan"]
[Black "Morell, Oscar"]
[Result "1-0"]
[WhiteElo "2095"]
[BlackElo "1788"]
[PlyCount "77"]
[EventDate "2022.07.13"]
[EventType "swiss"]
[EventRounds "9"]
[EventCountry "ESP"]
[SourceTitle "CBM 209 Extra"]
[Source "ChessBase"]
[SourceDate "2022.09.30"]
[SourceVersion "1"]
[SourceVersionDate "2022.09.30"]
[SourceQuality "1"]

1. e4 c5 2. Nf3 d6 3. d4 cxd4 4. Nxd4 Nf6 5. Nc3 a6 6. Be3 e5 7. Nb3 Be7 8. f3 Be6 9. Qd2 Nbd7 10. g4 b5 11. g5 b4 12. gxf6 bxc3 13. Qxc3 Nxf6 14. Rg1 g6 15. 0-0-0 0-0 16. Bh6 Re8 17. Kb1 Qb6 18. Qe3 Qxe3 19. Bxe3 d5 20. exd5 Nxd5 21. Bc5 Rec8 22. Bxe7 Nxe7 23. Rd6 Bc4 24. Bd3 Bxd3 25. Rxd3 Rc4 26. Nd2 Rc6 27. Re1 Rac8 28. c4 f6 29. b4 Nf5 30. a3 Nd4 31. f4 Nf5 32. fxe5 Re8 33. Rd5 Ne7 34. exf6 Rxf6 35. Rde5 Kf8 36. c5 Rf7 37. Nc4 Rb8 38. Nd6 Rg7 39. c6 1-0